000 03200nam a22002417a 4500
005 20241023101606.0
008 241023t ||||| |||| 00| 0 spa d
020 _a9788993841961
040 _aCO-BoUCM
_cDavid Moreno
_dDavid Moreno
041 _aspa
110 2 _aInstituto Nacional de Información Geográfica de Corea
_9183596
245 0 3 _aEl atlas nacional de Corea
_cInstituto Nacional de Información Geográfica de Corea
250 _a1a. Ed
260 _aGyeonggi-do, República de Corea
_bInstituto Nacional de Información Geográfica de Corea
_c2019
300 _a155 Paginas
_bilustraciones y mapas a color
504 _aIncluye referencias bibliográficas e índices
505 _rLa península coreana y sus naciones. -- Taegeuki, Bandera Nacional de la República de Corea. -- Mapa de la Península de Corea. -- Mapa de las cuatro esquinas de Corea: su tierra, agua y gente. -- Dokodo. -- Los distritos administrativos. -- Línea de tiempo de la historia coreana. -- Corea del Norte. -- Configuración física y patrones de cambio climático. -- La configuración física de Corea. -- El tiempo y el clima. -- El proceso del pronóstico del tiempo del Servicio Meteorológico. -- Los ríos y las cuencas hídricas. -- Las corrientes océanicas. -- El cambio climático. -- La antesis y la fenología. -- La reforestación. -- Actividades humanas. -- Transformación de la nación. -- El gobierno de la República de Corea. -- Planeación espacial. -- La economía y la industria. -- Nuevas industrias motores de crecimiento. -- La industria manufacturera. -- La industria de electrónicos. -- La industria automotriz. -- La distribución de complejos industriales. -- La energía. -- El sector de servicios. -- Las industrias primarias. -- La población. -- La estructura de la población y sus proyecciones. -- Las estadísticas vitales. -- La migración. -- La vivienda. -- La educación. -- La educación superior. -- La salud pública y el bienestar. -- El estilo de vida y la cultura. -- La cultura coreana y la vida cotidiana. -- Medio ambiente, ecología y protección. -- Los tópicos medioambientales del noreste de Asia. -- El medio ambiente y la ecología de Corea. -- La ecología tradicional. -- Mapas de la ecología de Corea. -- Los parques nacionales y las áreas protegidas. -- Geoparques nacionales, humedales e islas deshabitadas. -- El uso y la cobertura de la tierra. -- Las tierras reclamadas al mar. -- Vertederos (rellenos sanitarios). -- Monitoreo de la calidad del aire. -- Gases de efecto invernadero. -- Monitoreo de la calidad del agua. -- La Corea global. -- Diplomacia. -- El comercio exterior. -- Inversión extranjera directa. -- El desarrollo internacional y la cooperación. -- Patrimonio mundial y cultura coreana. -- La "Ola Coreana" llega al mundo hispanohablante. -- Habilidades fundamentales: interpretación y comprensiòn de mapas.
650 1 4 _aGeografia
_xMapas
_zCorea del Sur
_9183601
651 1 4 _aCorea del Sur
_vAtlas
_9183597
_xCartografia
710 _aMinisterio de Tierra, Infraestructura y Transporte de Corea
_9183600
942 _2DEWEY
_a20
_cLIBRO
_e1
_h951.95
_mI59a
_n0
999 _c324956
_d324956